00537 2200193 4500001002100000005001500021035002000036007000300056008004100059020001800100082001200118084001800130100002100148245005200169260003400221300004500255650002700300990001600327INLIS00000000000013720231013025644 a0010-1023000073ta231013 g 0 ind  a979-8955-91-9 a664.804 a664.804 ANY m0 aAny Sulistyowati1 aMembuat Kripik Buah & Sayur /cAny Sulistyowati aJakarta :bPuspa Swara,c1999 aviii, 54 hlm , :bilus, ;c14 cm x 21 cm 4aKeripik buah dan Sayur a00000000143